A hitelbiztosítékok fajtái, valamint egy adott hitelkérelemhez felajánlott biztosíték értelmezése és értéke

Bibliográfiai részletek
Szerző: Járvási Kata
További közreműködők: Dombi Dr. Zsuzsa
Dokumentumtípus: Projektmunka
Kulcsszavak:hitelbiztosíték - hitelfedezet
Banki hitelezés
Ingatlan
Hitelintézet
Online Access:http://dolgozattar.uni-bge.hu/11555

MARC

LEADER 00000nnm a2200000 i 4500
001 dolg11555
005 20170516141731.0
008 170516suuuu hu o 000 hun d
040 |a BGE Dolgozattár Repozitórium  |b hun 
041 |a hu 
100 1 |a Járvási Kata 
245 1 2 |a A hitelbiztosítékok fajtái, valamint egy adott hitelkérelemhez felajánlott biztosíték értelmezése és értéke  |c Járvási Kata  |h [elektronikus dokumentum] 
246 1 1 |a A hitelbiztosítékok fajtái, valamint egy adott hitelkérelemhez felajánlott biztosíték értelmezése és értéke 
516 |a Project_work 
695 |a hitelbiztosíték - hitelfedezet 
695 |a Banki hitelezés 
695 |a Ingatlan 
695 |a Hitelintézet 
700 1 |a Dombi Dr. Zsuzsa  |e ths 
856 4 0 |u http://dolgozattar.uni-bge.hu/11555/1/J%C3%A1rv%C3%A1si%20Kata%20Z%C3%A1r%C3%B3vizsga%202017%20TOT%C3%81L%20V%C3%89GLEGES.pdf  |z Dokumentum-elérés 
856 4 0 |u http://dolgozattar.uni-bge.hu/11555/2/titkosit%20pdf.pdf  |z Dokumentum-elérés 
856 4 0 |u http://dolgozattar.uni-bge.hu/11555/13/new-doc-2017-05-16-13.35.57_20170516133625.pdf  |z Dokumentum-elérés 
856 4 0 |u http://dolgozattar.uni-bge.hu/11555/14/new-doc-2017-05-16-13.35.57_20170516133723.pdf  |z Dokumentum-elérés